| 000 | 00482nam a2200169Ia 4500 | ||
|---|---|---|---|
| 999 |
_c12459 _d12459 |
||
| 082 | _a304.60720954 JAI-; | ||
| 100 | _aJain, S.P. | ||
| 245 | 0 | _aDemography: a status study on population research in India | |
| 260 |
_aNew Delhi _bTata McGraw-Hill Publishing _c1975 |
||
| 300 | _a265p. | ||
| 500 | _aContents: Vol.2. | ||
| 650 | _aDemography - India | ||
| 650 | _aBirth control - India | ||
| 650 | _aFertility, Human | ||
| 650 | _aPopulation research - India | ||
| 942 |
_cBK _2ddc |
||